00524nam a2200133 a 450000100100000000500170001000800410002704000250006824500660009326001000015904900090025995201050026899900170037300002705420200930030555.0110329s1972 dr 000 0 spa d aDO-SdBNPbspacBNPHU03aLa familia cristiana :b10 temas para asambleas familiares /. aSanto Domingo :bSecretariado Nacional de Pastoral de Conjunto,c1972.fEditora Amigo del Hogar aBNPD 0010718PDaPDbPDcCTd2011-03-29iLF1l0o p27054-10r2020-06-25w2020-06-25yLFPDZNo se presta c26546d26546